Logo BPK

Bibliografia Prac Pracowników

Politechniki Koszalińskiej

Szkolenia pracownicze a rozwój wiedzy w świetle badań empirycznych / (Rekord nr 6929)

Szczegóły MARC
000 -ETYKIETA REKORDU
podpole kontrolne o stałej długości 01396naa a2200253 i 4500
001 - NUMER KONTROLNY REKORDU
podpole kontrolne 6929
003 - IDENTYFIKATOR NUMERU KONTROLNEGO REKORDU
podpole kontrolne KOSZ 005
005 - DATA OSTATNIEJ MODYFIKACJI REKORDU
podpole kontrolne 20180224111810.0
008 - POLE O STAŁEJ DŁUGOŚCI - DANE KONTROLNE
podpole kontrolne o stałej długości 150929s2012 pl | f |000 ||pol
040 ## - ŹRÓDŁO KATALOGOWANIA
Instytucja, która utworzyła rekord KOSZ 005
Instytucja, która sporządziła opis KOSZ 005
Instytucja, która dokonała modyfikacji KOSZ 005/HR
041 ## - KOD JĘZYKA
Kod języka tekstu pol
Kod języka streszczenia lub abstraktu eng
080 ## - UNIWERSALNA KLASYFIKACJA DZIESIĘTNA - UKD
UKD 005.95/.96
100 1# - NAZWA OSOBOWA
Nazwa osobowa KLONOWSKA-MATYNIA, Maria.
Lata pracy 1999 -
Instytucja Politechnika Koszalińska - Wydział Nauk Ekonomicznych,
Wydział Katedra Ekonomii
245 10 - TYTUŁ/ODPOWIEDZIALNOŚĆ
Tytuł Szkolenia pracownicze a rozwój wiedzy w świetle badań empirycznych /
Pozostałe elementy strefy tytułu i oznaczenia odpowiedzialności Maria Klonowska-Matynia, Aleksandra Michalczyk.
246 30 - WARIANT TYTUŁU
Tytuł The training staff eveluation and knowledge development in empirical study
500 ## - UWAGI OGÓLNE
Tekst uwagi Dane z autopsji.
520 ## - UWAGA DOTYCZĄCA TREŚCI DOKUMENTU
Analiza dokumentacyjna, adnotacja itp. Zasadniczym celem artykułu jest próba oceny szkoleń przeprowadzonych w Szpitalu Wojewódzkim im. J. Korczaka w Słupsku i ich wpływ na możliwości rozwoju kapitału ludzkiego. W szczególności weryfikacji poddano rodzaj i przydatność wiedzy zdobytej podczas szkoleń pracowników.
650 #0 - HASŁO PRZEDMIOTOWE W FORMIE NAZWY OGÓLNEJ LUB JEDNOSTKOWEJ
Nazwa ogólna lub geograficzna Rynek pracy.
650 #0 - HASŁO PRZEDMIOTOWE W FORMIE NAZWY OGÓLNEJ LUB JEDNOSTKOWEJ
Nazwa ogólna lub geograficzna Gospodarka oparta na wiedzy.
650 ## - HASŁO PRZEDMIOTOWE W FORMIE NAZWY OGÓLNEJ LUB JEDNOSTKOWEJ
Nazwa ogólna lub geograficzna Szkolenie zawodowe - efektywność.
700 1# - HASŁO DODATKOWE - NAZWA OSOBOWA
Nazwa osobowa MICHALCZYK, Aleksandra - doktorant.
Instytucja Politechnika Koszalińska - Wydział Nauk Ekonomicznych,
Wydział Katedra Ekonomii
773 0# - TYTUŁ DOKUMENTU MACIERZYSTEGO
Wyrażenie wprowadzające W :
Tytuł Zeszyty Naukowe Wydziału Nauk Ekonomicznych Politechniki Koszalińskiej. -
Informacje dotyczące relacji 2012, nr 16, s. 177-187
942 ## - HASŁO DODATKOWE - ELEMENTY(KOHA)
Typ dokumentu Artykuł
Schemat klasyfikacji Uniwersalna klasyfikacja dziesiętna
Egzemplarze
Wycofany Zagubiony Uszkodzony Dostępność Lokalizacja stała Lokalizacja bieżąca Sygnatura Typ dokumentu
      Dostępny Bibliografia Prac Pracowników - BPK Bibliografia Prac Pracowników - BPK 0102 Artykuł
© 2014 Biblioteka Politechniki Koszalińskiej :: BIBLIOGRAFIA PRAC PRACOWNIKÓW